000 00635nam a2200253 a 4500
001 nice12345678
003 IN_TiNIC
005 20260116011712.0
008 050524s1970 bana grp 000 0 eng
020 _a
_c10
082 0 0 _a190
_bVAD
100 _aVadakethala, Francis J
245 _aDiscovery of Being
260 _aBangalore
_bDharmaram Publications
_c1970
300 _a148p
500 _aincludes index and biblioraphy
505 2 _aBibl, Index
650 _aPhilosophy-Epistomology
650 _aMetaphysics-Philosophy
700 1 _aVadakethala, Francis J
902 _bSRS
942 _cBK
999 _c3468
_d3468